000 00637nam a2200205 i 4500
001 105592
003 ES-MaACL
007 t|
008 060726s1963 it ||||1| ita d
080 _a329(45)PSI
100 1 _aLandolfi, Antonio.
_969960
245 1 3 _aIl Partito Socialista
_b: oggi e domani /
_cAntonio Landolfi ; introduzione di Giorgio Galli.
250 _a1ยช ed.
260 _aMilano :
_bEdizioni Azione Comune,
_c1963.
300 _a109 p. ;
_c21 cm.
500 _aBiblioteca Juan Andrade.
610 2 7 _aPartito socialista italiano.
_96164
700 1 _aGalli, Giorgio.
_953613
852 _aES-MaACL
_jAND-398
_bR.109703
999 _c105592
_d105592